| 000 | 00441nam a2200193Ia 4500 | ||
|---|---|---|---|
| 003 | 0100 | ||
| 008 | 130303s9999 xx 000 0 und d | ||
| 020 | _a9231035894 | ||
| 040 | _cARRUPELIB | ||
| 050 | _aJC571.H4694415 2000 | ||
| 245 | _aHuman rights: concept and standards | ||
| 260 | _aParis | ||
| 260 | _bUNESCO | ||
| 260 | _C2000 | ||
| 300 | _axvi | ||
| 300 | _b 373p. 23cm | ||
| 700 | _aSymonides, Janusz (ed.) | ||
| 942 | 0 | 0 | _02 |
| 999 |
_c17097 _d17097 |
||